000 00935nam a2200277Ia 4500
003 OSt
005 20220930093230.0
006 a|||||r|||| 00| 0
007 ta
008 220926b |||||||| |||| 00| 0 eng d
024 _a35645
037 _cTheses
040 _aCRL
_cCRL
_beng
041 _2eng
_aeng
100 _aUpmanyu Mudita Au.
_9551277
110 _aUniversity of Delhi. Faculty of Mathematical Sciences. Department of Mathematics
245 0 _aImprecise multi objective set covering and fuzzy fixed charge problems
260 _c2015
300 _avi,131p.
_ap.
_ccm.
650 _aMATHEMATICS
700 _a Dr. Ratnesh R. Saxena Gu.
_9551278
700 _a Prof. Ajay kumar Gu.
_9538527
700 _aUniversity of Delhi. Faculty of Mathematical Sciences. Department of Mathematics
942 _cDIS
_2CC
999 _c885051
_d885051